Jeden z dziesięciu 11407 - Statystyki

Ogólne statystyki
  • Ten quiz został rozwiązany 44 razy
  • Średni wynik to 31 z 40
Statystyki odpowiedzi
Zagadnienie Odpowiedź % Poprawnych
Kto dokonał zamachu na prezydenta Polski, Gabriela Narutowicza? Eligiusz Niewiadomski
100%
W którym mieście znajduje się XVII-wieczny obraz Matki Boskiej Ostrobramskiej? W Wilnie
100%
Z legendą o których braciach-bliźniakach związana jest rzymska grota u stóp Palatynu? Z Romulusem i Remusem
100%
Z którego miasta pochodził urodzony w XV wieku Erazm - filozof, pisarz, czołowy humanista okresu "oświecenia"? Z Rotterdamu
100%
W których latach XIX wieku obradował Kongres Wiedeński? 1814-1815
93%
Liderem którego zespołu rockowego był Ozzy Osbourne? Black Sabbath
93%
"Klępa" to samica którego zwierzęcia Łosia
93%
"Kadarka" to wino produkowane w którym obszarze Europy? Na Półwyspie Bałkańskim, w Portugalii, czy na Półwyspie Apenińskim? Półwysep Bałkański
93%
Którą część ciała podtrzymuje temblak? Rękę
93%
Czy mitologiczny Kupidyn to rzymski odpowiednik greckiego Erosa? Tak
93%
Czy wśród ryb istnieje obojnactwo? Tak
93%
Czy dzwonki to instrument muzyczny wchodzący w skład orkiestry? Tak
93%
Jak nazywał się święty byk, czczony w Starożytnym Egipcie i uważany za wcielenie boga Ptaha? Apis
86%
Jak nazywa się sztuczny klejnot, udający diament, modyfikowany tlenek cyrkonu? Cyrkonia
86%
Jak nazywa się jednostka natężenia dźwięku równa 1/10 bela Decybel
86%
Jak nazywała się kobieta, która w XIX wieku otworzyła w Londynie muzeum figur woskowych? Madame Tussaud
86%
Ciśnienie atomosferyczne, wraz ze wzrostem wysokości, rośnie czy maleje? Maleje
86%
Która artystka okresu Młodej Polski jest autorką obrazu "Dziewczynka z chryzantemami"? Olga Boznańska
86%
Przez które państwa w Europie, nie licząc Wielkiej Brytanii, przechodzi południk 0? Przez Francję i Hiszpanię
86%
Przez które państwa płynie rzeka Ganges? Przez Indie i Bangladesz
86%
Czy w muzyce istnieje coś takiego jak "podwójny bemol"? Tak
86%
"Kwas askorbinowy" to nazwa której witaminy? Witaminy C
86%
Na igrzyskach olimpijskich w którym mieście, organizacja terrorystyczna "Czarny Wrzesień" dokonała zamachu na olimpijczyków z Izraela? W Monachium
86%
"Supremacja" to zwierzchnictwo czy poddaństwo? Zwierzchnictwo
86%
Na jakim dystansie na igrzyskach olimpijskich odbywa się chód sportowy mężczyzn? 20 km
79%
Który stopień wojskowy jest najwyższy w polskiej marynarce wojennej? Admirał
79%
Który prezydent USA jako pierwszy w XXI wieku przybył z wizytą dyplomatyczną na Kubę? Barack Obama
71%
Który Archanioł, wg. podań, miał podyktować Mahometowi treść Koranu? Gabriel
71%
Który filozof jest autorem słów "Niebo gwiaździste nade mną, prawo moralne we mnie"? Immanuel Kant
71%
Który z polskich prezydentów nigdy nie był posłem? Lech Wałęsa
71%
Czy zjawisko "nocy polarnej" występuje na obu biegunach? Tak
71%
Jak nazywa się największy księżyc Jowisza a także największy księżyc w Układzie Słonecznym? Ganimedes
64%
Czy rosyjski uczony Dmitrij Mendelejew, twórca układu okresowego pierwiastków nazwanego jego imieniem, dożył czasów Związku Radzieckiego? Nie
64%
Do której rodziny zwierząt należy wargacz? Do niedźwiedziowatych
57%
Andrew Carnegie, miliarder i filantrop, fundator sali koncertowej w Nowym Jorku, dorobił się fortuny na produkcji czego? Stali
57%
Jak miał na imię Monteskiusz, francuski filozof? Charles
50%
Jak nazywał się niemiecki fizyk, który stwierdził tożsamość fal świetlnych i elektromagnetycznych? Heinrich Rudolf Herz
50%
Jaki stopień pokrewieństwa łączył dwóch kompozytorów o nazwisku Mozart: Wolfganga Amadeusza i Franciszka Ksawerego? Ojciec i syn
50%
Z jaką prędkością księżyc obiega ziemię po orbicie? Ok. 1 km/s
29%
Ile punktów wznowienia gry (tzw. "bulików") znajduje się na lodowisku do gry w hokeja? 9
14%
Nie znaleziono quizów pasujących do podanych kryteriów
Rozkład punktacji
Procent ludzi z każdym wynikiem
Percentyl według liczby udzielonych odpowiedzi
Twoja historia wyników
Nie rozwiązałeś tego quizu